| 000 | 01049cam a2200397 a 4500 | ||
|---|---|---|---|
| 001 | 122935 | ||
| 005 | 20230410115700.0 | ||
| 008 | 130807s2013 fr b 000 | fre d | ||
| 020 | _a9782707175366 | ||
| 020 | _a9782707175366 (br) | ||
| 020 | _a2707175366 (br) | ||
| 035 | _a(CaOOAMICUS)000042028949 | ||
| 040 |
_aCaQMHE _bfre |
||
| 050 | 1 | 4 |
_aHG 230.3 _bS416e 2013 |
| 082 | 0 | 0 | _a332.1 |
| 100 | 1 | _aScialom, Laurence. | |
| 130 | 1 | _aCollection Reperes | |
| 245 | 1 | 0 |
_aEconomie bancaire / _cLaurence Scialom. |
| 250 | _a4e éd. | ||
| 260 |
_aParis : _bLa Découverte, _c2013. |
||
| 300 |
_a125 p. ; _c19 cm. |
||
| 490 | 1 |
_aCollection Repères ; _vn.268. _aÉconomie |
|
| 504 | _aBibliogr. : p. [117]-122. | ||
| 650 | 0 | _aBanks and banking. | |
| 650 | 0 | _aMoney. | |
| 650 | 0 | _aCurrency question. | |
| 650 | 4 | _aBancos. | |
| 650 | 4 | _aMoneda. | |
| 650 | 6 | _aBanques. | |
| 650 | 6 | _aMonnaie. | |
| 730 | 0 | _aCollection Reperes | |
| 830 | 0 | _aReperes / économie | |
| 830 | 0 |
_aReperes ; _v268. |
|
| 942 |
_2lcc _cbk |
||
| 946 | _aJaaM | ||
| 999 |
_c45981 _d45981 |
||